00656 a2200157 45000010006000000050017000060080041000230030015000640400040000790800022001192450036001412640036001773000019002135050249002321000017004813088120260407155617.0260407a1968 arg spa dAR-UNSa-BCEJYS aAR-UNSa-BCEJYSbspacAR-UNSa-BCEJYS a657xContabilidad10aSistemas de contabilidad social 1aMadrid :bEdiciones Rialpc1968 a259 p.c23 cm. a1. Sistemas de cuentas nacionales. Conceptos y definiciones - 2. Comparación de los distintos sistemas de cuentas nacionales - 3. Sistema input-output - 4. Sistema de flujos de fondos - 5. Integración de los sistemas de contabilidad social 1 aYanovsky, M.